| 000 | 01192nam0a2200337 i 4500 | ||
|---|---|---|---|
| 001 | RU\NLR\BIBL_A\010824448 | ||
| 005 | 20241103123240.0 | ||
| 010 |
_a9785170897308 _93000 |
||
| 021 |
_aRU _b2015-54112 _93195 |
||
| 035 | _a(NILC)RuMoRGB-007981864 | ||
| 035 | _a(NLR Aleph) 010824448 | ||
| 090 |
_a10257411 _c10257411 |
||
| 100 | _a20150821d2015 u y0rusy50 ca | ||
| 101 | 0 | _arus | |
| 102 | _aRU | ||
| 105 | _ay|||||||||||| | ||
| 200 | 1 |
_aОт семян до урожая _eкраткий путеводитель по агротехнике огородных культур _fН. Н. Севостьянова |
|
| 210 |
_aМосква _cАСТ _d2015 |
||
| 215 |
_a126, [1] с. _cил. _d20 |
||
| 225 | 1 | _aПодворье | |
| 300 | _aНа обл. авт. не указан | ||
| 333 | _a12+ | ||
| 606 |
_aПриусадебное овощеводство _jПопулярные издания _91758841 _3RU\NLR\AUTH\66788656 |
||
| 675 | _a635.1/.8 | ||
| 686 | 1 | _aП24,1я9 | |
| 700 | 1 |
_aСевостьянова _bН. Н. _gНадежда Николаевна |
|
| 801 | 0 |
_aRU _bРГБ _c20150722 _gRCR |
|
| 942 | _cBOOK | ||
| 980 | _aNBR | ||